[Event "Mittelfrankenliga-B2b 0506"]
[Site "Germany"]
[Date "2006.03.19"]
[Round "7.2"]
[White "Reizine, Viatcheslav"]
[Black "Kirchner, Norbert"]
[Result "0-1"]
[WhiteElo "1944"]
[BlackElo "2060"]
[PlyCount "38"]
[EventDate "2005.10.16"]
[EventType "team"]
[EventRounds "9"]
[EventCountry "GER"]
[SourceTitle "EXT 2007"]
[Source "ChessBase"]
[SourceDate "2006.11.23"]
[SourceVersion "1"]
[SourceVersionDate "2006.11.23"]
[SourceQuality "1"]

1. e4 e5 2. Nf3 Nc6 3. Bb5 a6 4. Ba4 Bc5 5. c3 b5 6. Bc2 Qf6 7. 0-0 d6 8. d4 Bb6 9. Bg5 Qg6 10. dxe5 Nxe5 11. Nxe5 Qxg5 12. Qd5 dxe5 13. Qxa8 Ne7 14. Na3 0-0 15. Rad1 Ng6 16. g3 Nf4 17. Qc6 Qg4 18. Rd3 Nxd3 19. Bd1 Bxf2+ 0-1

[Event "Mittelfrankenliga-B2b 0506"]
[Site "Germany"]
[Date "2006.02.12"]
[Round "6.2"]
[White "Reizine, Viatcheslav"]
[Black "Lutz, Thomas"]
[Result "1-0"]
[WhiteElo "1944"]
[BlackElo "1975"]
[PlyCount "115"]
[EventDate "2005.10.16"]
[EventType "team"]
[EventRounds "9"]
[EventCountry "GER"]
[SourceTitle "EXT 2007"]
[Source "ChessBase"]
[SourceDate "2006.11.23"]
[SourceVersion "1"]
[SourceVersionDate "2006.11.23"]
[SourceQuality "1"]

1. e4 c5 2. Nf3 e6 3. d4 cxd4 4. Nxd4 a6 5. Nd2 Qc7 6. N2f3 d6 7. Bd3 Nf6 8. 0-0 Be7 9. h3 Nbd7 10. Bg5 0-0 11. Bh4 Re8 12. Ng5 Ne5 13. Bg3 h6 14. Ngf3 Nxd3 15. cxd3 Qb6 16. e5 dxe5 17. Bxe5 Nd5 18. Nb3 Bf6 19. d4 Bd7 20. Re1 Ba4 21. Re4 Rac8 22. Rg4 Red8 23. Qd2 Bxe5 24. Nxe5 Nf6 25. Qf4 Nxg4 26. Qxf7+ Kh8 27. hxg4 Bxb3 28. axb3 Qxd4 29. Qxe6 Re8 30. Ng6+ Kh7 31. Qf5 Qf6 32. Qxf6 gxf6 33. Nf4 Rc2 34. Rd1 Re7 35. Rd6 Rxb2 36. Nh5 Rc2 37. Nxf6+ Kh8 38. Rd8+ Kg7 39. Nd5 Rf7 40. f4 Rd2 41. f5 a5 42. Rd6 b5 43. Rg6+ Kf8 44. Nf4 a4 45. bxa4 bxa4 46. Ra6 Ra2 47. Rxh6 a3 48. Ra6 Ra1+ 49. Kf2 a2 50. f6 Rd7 51. g5 Rd2+ 52. Kg3 Rad1 53. Ra8+ Kf7 54. Ra7+ Rd7 55. Rxa2 Rb7 56. Ra6 Rdb1 57. g6+ Kg8 58. f7+ 1-0

[Event "Mittelfrankenliga-B2b 0506"]
[Site "Germany"]
[Date "2005.12.04"]
[Round "3.2"]
[White "Lange, Carsten"]
[Black "Reizine, Viatcheslav"]
[Result "0-1"]
[WhiteElo "1957"]
[BlackElo "1944"]
[PlyCount "118"]
[EventDate "2005.10.16"]
[EventType "team"]
[EventRounds "9"]
[EventCountry "GER"]
[SourceTitle "EXT 2007"]
[Source "ChessBase"]
[SourceDate "2006.11.23"]
[SourceVersion "1"]
[SourceVersionDate "2006.11.23"]
[SourceQuality "1"]

1. Nf3 d5 2. c4 c6 3. g3 Nf6 4. Bg2 Nbd7 5. cxd5 cxd5 6. d4 e6 7. 0-0 Be7 8. Nc3 0-0 9. Bf4 Nh5 10. Bd2 b6 11. e4 dxe4 12. Nxe4 Ba6 13. Re1 Nhf6 14. Neg5 Nd5 15. Qc2 N7f6 16. Ne5 g6 17. Rac1 Bb7 18. Nc6 Qd6 19. Qa4 a6 20. Nf3 b5 21. Nxe7+ Qxe7 22. Qa5 Rfc8 23. Ne5 Qd6 24. Bg5 Nd7 25. Nd3 N7b6 26. Nc5 Bc6 27. Qd2 Nc4 28. Qe2 Re8 29. b3 Ncb6 30. Ne4 Qc7 31. Nf6+ Kg7 32. Nxe8+ Rxe8 33. Qe5+ Qxe5 34. dxe5 Bb7 35. Bd2 b4 36. Rc2 a5 37. Bf1 h6 38. Bb5 Rd8 39. Rec1 g5 40. Kf1 Ra8 41. f4 Kg6 42. Bd3+ f5 43. exf6+ Kxf6 44. fxg5+ hxg5 45. h4 gxh4 46. gxh4 Ke5 47. Bh6 Rg8 48. Re2+ Kd6 49. Rce1 Bc8 50. Rf2 Rg3 51. Bf8+ Kc6 52. Rc1+ Nc3 53. Be4+ Nbd5 54. Rf3 Ba6+ 55. Kf2 Rg4 56. Bxd5+ Kxd5 57. Rh1 Kd4 58. Rhh3 e5 59. Bh6 Ne4+ 0-1